| Tag |
First Indicator |
Second Indicator |
Subfields |
| LEADER |
00000cam a2200000Mi 4500 |
| 001 |
in00005489721 |
| 006 |
m o d |
| 007 |
cr ||||||||||| |
| 008 |
200629s1864 enka o 000 0 eng d |
| 005 |
20240917182454.6 |
| 035 |
|
|
|a (OCoLC)on1244008551
|
| 040 |
|
|
|a UKAMD
|b eng
|e rda
|e pn
|c UKAMD
|d OCLCF
|d OCLCO
|d OCLCL
|
| 035 |
|
|
|a (OCoLC)1244008551
|
| 050 |
|
4 |
|a DR2167
|
| 082 |
0 |
4 |
|a 914.956047
|2 23
|
| 049 |
|
|
|a TXAM
|
| 100 |
1 |
|
|a Walker, Mary A.
|q (Mary Adelaide),
|e author,
|e illustrator.
|
| 245 |
1 |
0 |
|a Through Macedonia to the Albanian lakes,
|f 1864 /
|c by Mary Adelaide Walker ; with illustrations by the author.
|
| 264 |
|
1 |
|a London :
|b Chapman and Hall,
|c 1864.
|
| 300 |
|
|
|a 1 online resource (1 volume (xi, 274 pages)) :
|b illustrations (black and white).
|
| 336 |
|
|
|a text
|b txt
|2 rdacontent
|
| 337 |
|
|
|a computer
|b c
|2 rdamedia
|
| 338 |
|
|
|a online resource
|b cr
|2 rdacarrier
|
| 490 |
1 |
|
|a AM Scholar: Women's Studies.
|
| 500 |
|
|
|a "Collection: Colonial Discourses"--Home page.
|
| 500 |
|
|
|a "Original Microfilm Series: Series One: Women, Travel & Empire, 1660-1914"--Home page.
|
| 500 |
|
|
|a "Original Microfilm Part: Part 4: Women, the Americas and world travel"--Home page.
|
| 500 |
|
|
|a "Original Microfilm Reel: 101"--Home page.
|
| 535 |
1 |
|
|a The Bodleian Libraries
|
| 542 |
|
|
|f Material sourced from the Bodleian Libraries.
|
| 588 |
|
|
|a Description based on online resource; title from scanned document's title page (viewed on June 29, 2020).
|
| 600 |
1 |
0 |
|a Walker, Mary A.
|q (Mary Adelaide)
|x Travel
|z Macedonia.
|
| 600 |
1 |
0 |
|a Walker, Mary A.
|q (Mary Adelaide)
|x Travel
|z Albania.
|
| 651 |
|
0 |
|a Macedonia
|x Description and travel.
|
| 651 |
|
0 |
|a Albania
|x Description and travel.
|
| 651 |
|
6 |
|a Macédoine
|x Descriptions et voyages.
|
| 651 |
|
6 |
|a Albanie
|x Descriptions et voyages.
|
| 650 |
|
7 |
|a Travel
|2 fast
|
| 651 |
|
7 |
|a Albania
|2 fast
|1 https://id.oclc.org/worldcat/entity/E39PBJqqCtcDcw6YhVrpg96tKd
|
| 651 |
|
7 |
|a Europe
|z Macedonia
|2 fast
|1 https://id.oclc.org/worldcat/entity/E39PBJxd6ptVqhgjCrhvKtWv73
|
| 655 |
|
7 |
|a Electronic books.
|2 local
|
| 710 |
2 |
|
|a Adam Matthew Digital (Firm),
|e digitiser.
|
| 758 |
|
|
|i has work:
|a Through Macedonia to the Albanian lakes 1864 (Text)
|1 https://id.oclc.org/worldcat/entity/E39PCGVwkhBvFh9cbWfjcyXKh3
|4 https://id.oclc.org/worldcat/ontology/hasWork
|
| 830 |
|
0 |
|a AM Scholar: Women's Studies.
|
| 856 |
4 |
0 |
|u http://proxy.library.tamu.edu/login?url=https://www.amscholar.amdigital.co.uk/Documents/Details/COLONIAL DISCOURSES_PART4_REEL 101_VOL3
|z Connect to the full text of this electronic book
|t 0
|
| 955 |
|
|
|a Adam Matthew Scholar Women's Studies
|
| 994 |
|
|
|a 92
|b TXA
|
| 999 |
f |
f |
|s bad501b1-6e2f-4e18-a81a-491be51bf108
|i 6d50c32f-5936-40ec-b8ad-2fb6cc1fb1f1
|t 0
|
| 952 |
f |
f |
|a Texas A&M University
|b College Station
|c Electronic Resources
|d Available Online
|t 0
|e DR2167
|h Library of Congress classification
|
| 998 |
f |
f |
|a DR2167
|t 0
|l Available Online
|